• 首页
  • 本馆介绍
  • 公告通知
  • 最新文献
  • 馆藏检索
  • 电子资源
  • 读者导购
  • 参考咨询
  • 我的图书馆
  • 登录
  • 详细信息显示
  • 放入我的书架
  • 预约/预借图书
  • 作者相关作品
  • 分类相关作品
  • 丛书相关作品
  • 出版社相关作品

书目信息

  • 表格格式
  • 工作单格式
  • 卡片格式
题名:
辅导员成功之路
    
 
作者: 皇甫鸿昌 编著
分册:  
出版信息: 北京   中国少年儿童出版社  1999
页数: 244页
开本: 20cm
丛书名:
单 册:
中图分类: D432.51
科图分类:
主题词: 辅导员
电子资源:
ISBN: 7-5007-4677-6
000 00667nam0 2200229 450
001 1554731466
005 20150203151227.34
010    @a7-5007-4677-6@dCNY15.00
100    @a19990603d1999 em y0chiy0110 ea
101 0  @achi
102    @aCN@b110000
105    @af z 000yy
200 1  @a辅导员成功之路@9fu dao yuan cheng gong zhi lu@f皇甫鸿昌编著
210    @a北京@c中国少年儿童出版社@d1999
215    @a244页@c照片@d20cm
601 0  @a中国少年先锋队@x辅导员@x工作
601 0  @2CT@3S096299@a中国少年先锋队
606 0  @a辅导员
690    @aD432.51@v5
701  0 @a皇甫鸿昌@9huang fu hong chang@4编著
801  0 @aCN@bTSSF@c20150203
905    @aZUCC@dD432.51@eJY2
    
    辅导员成功之路/皇甫鸿昌编著.-北京:中国少年儿童出版社,1999
    244页:照片;20cm
    
    
    ISBN 7-5007-4677-6:CNY15.00
    
●
相关链接 在E读中查询图书 在五车中查询图书 在当当中查询图书 在豆瓣中查询图书


正题名:辅导员成功之路     索取号:D432.51/JY2         预约/预借

序号 登录号 条形码 馆藏地/架位号 状态 备注
1 7865270   278652708   学院路分馆/ [索取号:D432.51/JY2] 在馆    
唐山师范学院图书馆 欢迎您!
大连网信软件有限公司© 版权所有